Zdaňovanie príjmov z prenájmu nehnuteľností u fyzických osôb

Režimy zdaňovania príjmov z prenájmu nehnuteľností. Ilustračné príklady.

Salvato in:
Dettagli Bibliografici
Autore principale: Seneši, Norbert
Natura: Capitolo di libro
Lingua:slovacco
Soggetti:
Tags: Aggiungi Tag
Nessun Tag, puoi essere il primo ad aggiungerne!!

MARC

LEADER 00000naa a2200000 4500
001 0246028
005 20221104112951.6
041 0 |a slo 
044 |a SK 
245 1 0 |a Zdaňovanie príjmov z prenájmu nehnuteľností u fyzických osôb  |c Norbert Seneši 
520 |a Režimy zdaňovania príjmov z prenájmu nehnuteľností. Ilustračné príklady. 
610 2 0 |a zdaňovanie 
610 2 0 |a dane z príjmov 
610 2 0 |a nehnuteľnosti 
610 2 0 |a prenájom 
100 1 |a Seneši, Norbert